[Event "Maria Teresa Mora Memorial op"]
[Site "Havana"]
[Date "2018.??.??"]
[Round "4"]
[White "Perez Grinan, Pedro Ernesto"]
[Black "Mendoza Perez, Brayan"]
[Result "1-0"]
[WhiteElo "2043"]
[BlackElo "1989"]
[PlyCount "51"]
[EventDate "2018.03.08"]
[EventType "swiss"]
[EventRounds "9"]
[EventCountry "CUB"]
[SourceTitle "EXT 2021"]
[Source "ChessBase"]
[SourceDate "2020.10.23"]
[SourceVersion "1"]
[SourceVersionDate "2020.10.23"]
[SourceQuality "1"]

1. d4 e6 2. Nf3 d5 3. Bf4 Nf6 4. e3 c5 5. c3 Nc6 6. Be2 a6 7. a4 Be7 8. h3 h6 9. Nbd2 c4 10. Qc2 Bd6 11. Ne5 Qc7 12. Ndf3 b6 13. Bd1 Rb8 14. Qe2 b5 15. axb5 axb5 16. Nxc6 Qxc6 17. Ne5 Qc7 18. 0-0 0-0 19. Bc2 Bb7 20. Bb1 Ra8 21. Rxa8 Rxa8 22. Qc2 Bxe5 23. dxe5 Ne8 24. Qh7+ Kf8 25. Bg3 Qd7 26. Bh4 1-0